000 00391nam a2200181Ia 4500
005 20240823052917.0
008 240823s9999||||xx |||||||||||||| ||und||
041 _aENGLISH
082 _A822.33 Q3
100 _a"Shakespeare,William"
245 0 _aHamlet
250 _a1st
260 _c2013
_bPeacock
500 _aYES
650 _aNovel
_bEnglish
942 _cBK
999 _c222973
_d222973